Minecraft Items that Start with B - Statistics

General Stats
  • This quiz has been taken 21 times
    12 since last reset
  • The average score is 109 of 164
Answer Stats
Answer % Correct
Beehive
100%
Bee Spawn Egg
100%
Beetroot
100%
Birch Boat
100%
Birch Button
100%
Birch Door
100%
Birch Fence
100%
Birch Fence Gate
100%
Birch Hanging Sign
100%
Birch Leaves
100%
Birch Log
100%
Birch Pressure Plate
100%
Birch Sapling
100%
Birch Sign
100%
Birch Trapdoor
100%
Birch Wood
100%
Black Banner
100%
Black Bed
100%
Black Carpet
100%
Black Concrete
100%
Black Concrete Powder
100%
Black Dye
100%
Black Shulker Box
100%
Black Stained Glass
100%
Black Stained Glass Pane
100%
Black Terracotta
100%
Black Wool
100%
Blaze Rod
100%
Blaze Spawn Egg
100%
Blue Banner
100%
Blue Bed
100%
Blue Carpet
100%
Blue Concrete
100%
Blue Concrete Powder
100%
Blue Dye
100%
Blue Glazed Terracotta
100%
Blue Shulker Box
100%
Blue Stained Glass
100%
Blue Stained Glass Pane
100%
Blue Terracotta
100%
Blue Wool
100%
Bone
100%
Bone Block
100%
Bone Meal
100%
Bread
100%
Brown Banner
100%
Brown Bed
100%
Brown Carpet
100%
Brown Concrete
100%
Brown Concrete Powder
100%
Brown Dye
100%
Brown Glazed Terracotta
100%
Brown Shulker Box
100%
Brown Stained Glass
100%
Brown Stained Glass Pane
100%
Brown Terracotta
100%
Brown Wool
100%
Bucket
100%
Barrel
75%
Bee Nest
75%
Beetroots
75%
Beetroot Seeds
75%
Beetroot Soup
75%
Bell
75%
Birch Boat with Chest
75%
Birch Planks
75%
Birch Slab
75%
Birch Stairs
75%
Black Candle
75%
Black Glazed Terracotta
75%
Block of Coal
75%
Block of Copper
75%
Block of Diamond
75%
Block of Gold
75%
Block of Iron
75%
Block of Lapis Lazuli
75%
Block of Quartz
75%
Block of Redstone
75%
Blue Candle
75%
Book
75%
Bow
75%
Bowl
75%
Brewing Stand
75%
Brick
75%
Bricks
75%
Brown Candle
75%
Bubble Coral
75%
Bucket of Axolotl
75%
Bucket of Cod
75%
Bucket of Salmon
75%
Bucket of Tadpole
75%
Bucket of Tropical Fish
75%
Bamboo
50%
Bamboo Button
50%
Bamboo Door
50%
Bamboo Fence
50%
Bamboo Fence Gate
50%
Bamboo Hanging Sign
50%
Bamboo Planks
50%
Bamboo Pressure Plate
50%
Bamboo Sign
50%
Bamboo Slab
50%
Bamboo Stairs
50%
Bamboo Trapdoor
50%
Bat Spawn Egg
50%
Bedrock
50%
Blackstone
50%
Blaze Powder
50%
Block of Amethyst
50%
Block of Bamboo
50%
Block of Emerald
50%
Block of Netherite
50%
Block of Raw Copper
50%
Block of Raw Gold
50%
Block of Raw Iron
50%
Blue Egg
50%
Blue Orchid
50%
Bogged Spawn Egg
50%
Bookshelf
50%
Brain Coral
50%
Brain Coral Block
50%
Brain Coral Fan
50%
Breeze Rod
50%
Breeze Spawn Egg
50%
Brick Slab
50%
Brick Stairs
50%
Brick Wall
50%
Brown Egg
50%
Brown Mushroom
50%
Bubble Coral Block
50%
Bubble Coral Fan
50%
Bucket of Pufferfish
50%
Bundle
50%
Bush
50%
Bamboo Mosaic
25%
Bamboo Mosaic Slab
25%
Bamboo Mosaic Stairs
25%
Bamboo Raft
25%
Bamboo Raft with Chest
25%
Bamboo Shoot
25%
Basalt
25%
Beacon
25%
Blackstone Slab
25%
Blackstone Stairs
25%
Blackstone Wall
25%
Blast Furnace
25%
Block of Stripped Bamboo
25%
Blocks Music Disc
25%
Book and Quill
25%
Bottle o' Enchanting
25%
Brown Mushroom Block
25%
Baked Potato
0%
Barrier
0%
Big Dripleaf
0%
Blade Pottery Sherd
0%
Block of Resin
0%
Blue Ice
0%
Bolt Armor Trim Smithing Template
0%
Bordure Indented Banner Pattern
0%
Brewer Pottery Sherd
0%
Brush
0%
Bubble Column
0%
Budding Amethyst
0%
Burn Pottery Sherd
0%
No matching quizzes found
Score Distribution
Percent of People with Each Score
Percentile by Number Answered
Your Score History
You have not taken this quiz since the last reset